01391nam a22003494a 4500001001200000003000800012006001900020007001500039008004100054010001700095020002500112020002200137040002100159035002100180050002300201082002000224245011700244260005500361300003700416504005100453533015200504650005600656650003400712650002200746650002200768655002900790700001900819700004100838710001700879856012600896999001901022ebr10188723CaPaEBRm u cr cn|||||||||070202s2007 njua sb 001 0 eng  z 2007004943 z9789812706607 (pbk.) z9812706607 (pbk.) aCaPaEBRcCaPaEBR a(OCoLC)17351147314aRS380b.I56 2007eb04a338.4/7615122200aInnovation in the biopharmaceutical industryh[electronic resource] /ceditors, Rifat A. Atun, Desmond Sheridan. aHackensack, N.J. :bWorld Scientific Pub.,cc2007. axiv, 140 p. :bill. (some col.). aIncludes bibliographical references and index. aElectronic reproduction.bPalo Alto, Calif. :cebrary,d2013.nAvailable via World Wide Web.nAccess may be limited to ebrary affiliated libraries. 0aPharmaceutical industryxTechnological innovations. 0aPharmaceutical biotechnology. 0aBiopharmaceutics. 0aDrug development. 7aElectronic books.2local1 aAtun, Rifat A.1 aSheridan, Desmond J.q(Desmond John)2 aebrary, Inc.40uhttp://site.ebrary.com/lib/rucke/Doc?id=10188723zAn electronic book accessible through the World Wide Web; click to view c149063d149063